Normal view MARC view

Entry Personal Name

Number of records used in: 1

001 - CONTROL NUMBER

  • control field: 7247

003 - CONTROL NUMBER IDENTIFIER

  • control field: OSt

005 - DATE AND TIME OF LATEST TRANSACTION

  • control field: 20211028144033.0

008 - FIXED-LENGTH DATA ELEMENTS

  • fixed length control field: 211028|| aca||aabn | a|a d

040 ## - CATALOGING SOURCE

  • Original cataloging agency: OSt
  • Transcribing agency: OSt

100 ## - HEADING--PERSONAL NAME

  • Personal name: Sowmya; Amin, Venkatesh S.
  • Miscellaneous information: 1216137

670 ## - SOURCE DATA FOUND

  • Source citation: Work cat.: (OSt): Sowmya; Amin, Venkatesh S. 1216137, Employee attrition its causes and effects with special reference to future group company for big bazaar., 2014